ARCHÍVNA SIGNATÚRA

Bibliographic Details
Main Author: Wolfshörndl, Vladimír (Author)
Other Authors: Kapitáňová, Kristína (Translator)
Format: Article
Language:Slovak

MARC

LEADER 00000nab a2200000uu 4500
001 vtls010877550
003 SK-MaSNL
005 20260303145133.0
008 230222|2010 xo |||||||||||||||||slo|
015 |a SNBRB 
035 |a (urnnbn)urn:nbn:sk:snk:ar-005sr7 
035 |a (uuid)38e5dc48-0395-4f3f-9c09-ac3f88bb1f16 
035 |a urn:nbn:sk:snk-ab7lxx 
040 |a SNKBUCL  |b slo  |c SNKBUCL  |e AACR2 
041 0 |a slo 
044 |a xo  |c SK 
100 1 |a Wolfshörndl, Vladimír  |4 aut  |9 814996 
245 1 0 |a ARCHÍVNA SIGNATÚRA  |c Vladimír Wolfshörndl, Kristína Kapitáňová 
700 1 |a Kapitáňová, Kristína  |4 trl  |9 1167515 
773 0 |t Slovenská archivistika  |g Roč. 45, č. 2 (2010), s. 72-87 
954 |a odborná, vedecká literatúra pôvodná (slovenská)  |2 lita 
958 |a OND 
958 |a EUIPO 
958 |a article8 
999 |c 2000776  |d 2002706